• 首页
  • 本馆介绍
  • 公告通知
  • 最新文献
  • 馆藏检索
  • 电子资源
  • 读者导购
  • 参考咨询
  • 我的图书馆
  • 登录
  • 详细信息显示
  • 放入我的书架
  • 预约/预借图书
  • 作者相关作品
  • 分类相关作品
  • 丛书相关作品
  • 出版社相关作品

书目信息

  • 表格格式
  • 工作单格式
  • 卡片格式
题名:
蒙台梭利幼儿教育科学方法
    
 
作者: 蒙台梭利 , 任代文 著
分册:  
出版信息: 北京   人民教育出版社  2006
页数: 28,890页
开本: 21cm
丛书名: 外国教育名著丛书
单 册:
中图分类: G610 , G612-53
科图分类:
主题词: 学前教育--教育理论 , 教育理论 , 学前教育
电子资源:
ISBN: 7-107-10948-0
000 01122nam0 2200313 450
000 01110nam0 2200301 450
000 01043nam0 2200277 450
000 01007nam0 2200265 45
005 20070727104506.30
010    @a7-107-10948-0@dCNY51.60
100    @a20070706d2006 em y0chiy0120 ea
101 0  @achi@cita
102    @aCN@b110000
105    @aa z 000yy
200 1  @a蒙台梭利幼儿教育科学方法@AMeng Tai Suo Li You Er Jiao Yu Ke Xue Fang Fa@f(意)蒙台梭利(Maria Montessori)著@F( Yi ) Meng Tai Suo Li (Maria Montessori) Zhu@g任代文主译
210    @a北京@c人民教育出版社@d2006
215    @a28,890页@c画像@d21cm
225 2  @a外国教育名著丛书
330    @a本书汇集了意大利著名教育家蒙台梭利关于幼儿教育的三篇重要著作,全面反映了作者的幼儿教育理论和实践。
410  0 @12001 @a外国教育名著丛书
606 0  @a学前教育@x教育理论
606 0  @a教育理论
606 0  @a学前教育
690    @aG610@v4
690    @aG612-53@v3
701  1 @c(意)@a蒙台梭利@AMeng Tai Suo Li@g(Montessori, Maria 1870~1952)@4著
701  1 @a任代文@ARen Dai Wen@4主译
801  0 @aCN@bTAOJIN@c20070727
905    @a10447@dG612-53@e166
    
    蒙台梭利幼儿教育科学方法/(意)蒙台梭利(Maria Montessori)著/任代文主译.-北京:人民教育出版社,2006
    28,890页:画像;21cm.-(外国教育名著丛书)
    
    
    ISBN 7-107-10948-0:CNY51.60
    本书汇集了意大利著名教育家蒙台梭利关于幼儿教育的三篇重要著作,全面反映了作者的幼儿教育理论和实践。
●
相关链接 在E读中查询图书 在五车中查询图书 在当当中查询图书 在豆瓣中查询图书


正题名:蒙台梭利幼儿教育科学方法     索取号:G612-53/166         预约/预借

序号 登录号 条形码 馆藏地/架位号 状态 备注
1 0820710   208207108   第一样本阅览室/ [索取号:G612-53/166] 在馆    
2 0820711   208207117   教育系资料室/ [索取号:G612-53/166] 在馆    
3 0820712   208207126   教育系资料室/ [索取号:G612-53/166] 在馆    
4 0820713   208207135   教育系资料室/ [索取号:G612-53/166] 在馆    
5 0820714   208207144   第四借阅区/ [索取号:G612-53/166] 在馆    
唐山师范学院图书馆 欢迎您!
大连网信软件有限公司© 版权所有